00466nam a2200157Ia 4500003000400000008004100004040001600045082001600061100001900077245006600096260006300162300001000225650001500235650002200250650003600272GCL140319s9999 xx 000 0 ara d aGCL / cGCL04a892.76bN B1 aNAGUIB MAHFOUZ10aBERMULA DAN BERAKHIR (MALAYSIAN LANGUAGE) / cNAGUIB MAHFOUZ a[S.N] : bTHE AMERICAN UNIVERSITY IN CAIRO PRESS ، c1993 a622 P04aLITERATURE04aARABIC LITERATURE04aARABIC LITERATURE - TRANSLATION